| 000 | 01380nam a2200313 i 4500 | ||
|---|---|---|---|
| 003 | DO-SdBNP | ||
| 005 | 20260512153609.0 | ||
| 007 | ta | ||
| 008 | 260224b2025 dr a|||| |||| 00| 0 spa d | ||
| 020 | _a9789945224542 | ||
| 040 |
_aDO-SdBNP _bspa _cBNPHU _erda |
||
| 041 | _aspa | ||
| 082 | 4 |
_axxx _bR771p _222 |
|
| 100 |
_aRondón de Jesús, Flavio Amaury _d1972- _eautor _4aut. _986719 |
||
| 245 | 1 | 3 |
_aLa posmodernidad y sus naufragios : _bapuntes desde el otro yo / _cFlavio Amaury Rondón de Jesús ; prólogo, Emmalee Rondón Mena. |
| 250 | _aPrimera edición | ||
| 264 | 4 |
_aSanto Domingo, República Dominicana : _bEditora Búho, S.R.L., _c©2025. |
|
| 300 |
_a183 páginas : _bilustraciones, retratos ; _c23 cm. |
||
| 336 |
_atexto _btxt _2rdacontent |
||
| 337 |
_asin mediación _bn _2rdamedia |
||
| 338 |
_avolumen _bnc _2rdacarrier |
||
| 500 | _aIncluye datos biográficos del autor en las solapas. | ||
| 504 | _aBibliografía: páginas 175-176 | ||
| 520 | _aMi querido y recordado padre Juan José (EPD) solía refrendar la conocida frase del Conde de Buffon "El estilo es el hombre", en particular cuando puntualizaba las actuaciones de ciertas personas que denotaban, de forma inequívoca, sus características esenciales. | ||
| 590 | _aInventariado, 2026 /LP | ||
| 700 | 1 |
_aRondón Mena, Emmalee, _eprologuista _4pr. _989082 |
|
| 910 | _aLP | ||
| 942 |
_2ddc _cLBS1 |
||
| 999 |
_c60388 _d60388 |
||